| 000 | 00313nam a2200097Ia 4500 | ||
|---|---|---|---|
| 082 | _aOHA | ||
| 245 | 0 | _aSeldom : a searing memoir of secrets and lies in a Newfoundland fishing village | |
| 100 |
_a Downton, Dawn Rae. , 1956- London, 2003 _977474 |
||
| 942 | _cBK | ||
| 008 | 210817s9999 xx 000 0 und d | ||
| 999 |
_c264746 _d264743 |
||